000 01115nam a22002537a 4500
003 UA-OsUOA
001 49371
007 ta
008 20071003b un ||||| |||| 00| 0 ukr d
100 _aКостюченко О. Ю.
090 _a343.156(477)
_bК72
942 _cBK
040 _aUA-OsUOA
_bukr
_cUA-OsUOA
_dUA-OsUOA
245 _aАпеляційне оскарження судових рішень у кримінальному процесі України
_bмонографія
300 _a182 с.
955 _a1
041 _aukr
080 _a343.156(477)
020 _a966-594-814-8
520 3 _aЗміст1. Загальні положення апеляційного оскарження2. Суб'єкти і межі апеляційного оскарження судових рішень у кримінальних справах3. Процесуальний порядок і строки апеляційного оскарження
260 _aК.
_bКУ
_c2006
650 7 _a343 Кримінальне право. Карні порушення
_2UDC
999 _c335476
_d335476